000 00837nas a2200301 4500
001 BR7902183
003 BR-BrBNA
005 20231205083700.0
007 ta
008 230509b bl.|||p| |||| 00| 00por d
040 _aBR-BrBNA
_bpor
_cBiblioteca Nacional de Agricultura
041 _a(Pt)
072 _aK70; F22
100 1 _aSchneider, P.R.
100 1 _aGalvao, F.
100 1 _aLonghi, S.J.
245 1 _aInfluencia do pisoteio de bovinos em areas florestais
650 _aPROTECAO FLORESTAL
650 _aFISICA DO SOLO
650 _aQUIMICA DO SOLO
650 _aBOVINO
650 _aPASTEJO
650 _aCOMPACTACAO DO SOLO
650 _aFLORESTA
773 0 _tFloresta (Brazil)
_xISSN 0015-3826
_g(Jun 1978), v. 9(1) p. 19-23
_wBR7902183
909 _a202311
_bLúcia
_c55
_dLúcia Elande
942 _2AGRIS
_n0
_cANA
999 _c100532
_d100532